Review of U.S. Park Police actions at Lafayette Park.

Bibliographic Details
Corporate Author: United States. Department of the Interior. Office of Inspector General (Author)
Format: Government Document eBook
Language:English
Published: Washington, DC : Office of Inspector General, U.S. Department of the Interior, 2021.
Series:Report ; no. 20-0563
Subjects:
Online Access:https://purl.fdlp.gov/GPO/gpo193716

MARC

Tag First Indicator Second Indicator Subfields
LEADER 00000nam a2200000 i 4500
001 in00004723913
006 m o d f
007 cr m||||||||||
008 230330s2021 dcua ob f000 0 eng c
005 20230615205101.9
035 |a (OCoLC)on1374251289 
040 |a GPO  |b eng  |e rda  |e pn  |c GPO  |d MvI 
042 |a pcc 
043 |a n-us-dc 
049 |a WWW 
074 |a 0603-B-07 (online) 
086 0 |a I 1.121:20-0563 
110 1 |a United States.  |b Department of the Interior.  |b Office of Inspector General,  |e author. 
245 1 0 |a Review of U.S. Park Police actions at Lafayette Park. 
246 3 |a Review of United States Park Police actions at Lafayette Park 
264 1 |a Washington, DC :  |b Office of Inspector General, U.S. Department of the Interior,  |c 2021. 
300 |a 1 online resource (37 pages) :  |b color illustrations. 
336 |a text  |b txt  |2 rdacontent 
337 |a computer  |b c  |2 rdamedia 
338 |a online resource  |b cr  |2 rdacarrier 
490 1 |a Report ;  |v no. 20-0563 
588 |a Description based on online resource, PDF version; title from cover (DOI OIG, viewed March 3, 2023). 
500 |a "June 2021." 
500 |a At head of title: Special Review. 
500 |a "This is a revised version of the report prepared for public release." 
500 |a Redacted text. 
500 |a In scope of the U.S. Government Publishing Office Cataloging and Indexing Program (C&I) and Federal Depository Library Program (FDLP). 
500 |a GPO Cataloging Record Distribution Program (CRDP). 
504 |a Includes bibliographical references. 
610 2 0 |a United States Park Police  |x Management. 
650 0 |a Demonstrations  |z Washington (D.C.) 
650 0 |a Communication in police administration  |z Washington (D.C.) 
810 1 |a United States.  |b Department of the Interior.  |b Office of Inspector General.  |t Report ;  |v no. 20-0563. 
856 4 0 |u https://purl.fdlp.gov/GPO/gpo193716  |t 0 
999 f f |s 5a61f788-65c6-4124-b574-9f3b03d57d16  |i faba0892-84a9-43da-a579-1199892558c7  |t 0 
952 f f |a Texas A&M University  |b College Station  |c Electronic Resources  |d Available Online  |t 0  |e I 1.121:20-0563  |h Superintendent of Documents classification 
998 f f |a I 1.121:20-0563  |t 0  |l Available Online